书目信息 |
| 题名: |
计算方法
|
|
| 作者: | 王能超, 编著 | |
| 分册: | ||
| 出版信息: | 武汉 华中科技大学出版社 2019 |
|
| 页数: | 263页 | |
| 开本: | 24cm | |
| 丛书名: | ||
| 单 册: | ||
| 中图分类: | O241 , TP312MA | |
| 科图分类: | ||
| 主题词: | 计算方法--ji suan fang fa--高等学校--教材 , 算法语言--suan fa yu yan--算法设计--高等学校--教材 | |
| 电子资源: | ||
| ISBN: | 978-7-5609-6700-4 | |
| 000 | 01141nam0 2200313 45 | |
| 001 | 012001003019 | |
| 005 | 20191204103634.59 | |
| 010 | @a978-7-5609-6700-4@dCNY36.80 | |
| 099 | @aCAL 012011066483 | |
| 100 | @a20110418d2010 ekmy0chiy50 ea | |
| 101 | 0 | @achi |
| 102 | @aCN@b420000 | |
| 105 | @aa z 000yy | |
| 106 | @ar | |
| 200 | 1 | @a计算方法@AJi Suan Fang Fa@e算法设计及其MATLAB实现@f王能超编著 |
| 205 | @a第2版 | |
| 210 | @a武汉@c华中科技大学出版社@d2019 | |
| 215 | @a263页@c图@d24cm | |
| 300 | @a普通高等教育“十一五”国家级规划教材 | |
| 330 | @a本书共六章,内容包括了插值方法、数字积分、常微分方程的差分法、方程求根、线性方程组的迭代法、线性方程的直接法等,同时附有大量的习题和题解。 | |
| 517 | 1 | @a算法设计及其MATLAB实现@ASuan Fa She Ji Ji Qi Matlab Shi Xian |
| 606 | 0 | @a计算方法@Aji suan fang fa@x高等学校@j教材 |
| 606 | 0 | @a算法语言@Asuan fa yu yan@x算法设计@x高等学校@j教材 |
| 610 | 0 | @aMATLAB |
| 690 | @aO241@v4 | |
| 690 | @aTP312MA@v4 | |
| 701 | 0 | @a王能超,@AWang Nengchao@f1937-@4编著@3CAL n2004185777#@7jt0yjt0y@7ec0yec0y |
| 801 | 2 | @aCN@b北京卓展@c20191020 |
| 905 | @b1210104-7@dO241@e250=2@f4 | |
| 计算方法:算法设计及其MATLAB实现/王能超编著.-第2版.-武汉:华中科技大学出版社,2019 |
| 263页:图;24cm |
| 普通高等教育“十一五”国家级规划教材 |
| ISBN 978-7-5609-6700-4:CNY36.80 |
| 本书共六章,内容包括了插值方法、数字积分、常微分方程的差分法、方程求根、线性方程组的迭代法、线性方程的直接法等,同时附有大量的习题和题解。 |
| ● |
| 相关链接 |
|
|
|
|
正题名:计算方法
索取号:O241/250=2
 
预约/预借
| 序号 | 登录号 | 条形码 | 馆藏地/架位号 | 状态 | 备注 |
| 1 | 1210104 | 212101045 | 第二样本阅览室/ [索取号:O241/250=2] | 在馆 | |
| 2 | 1210105 | 212101054 | 第三借阅区/ [索取号:O241/250=2] | 在馆 | |
| 3 | 1210106 | 212101063 | 第三借阅区/ [索取号:O241/250=2] | 在馆 | |
| 4 | 1210107 | 212101072 | 第三借阅区/ [索取号:O241/250=2] | 在馆 |